Logic computer design fundamentals / (Record no. 354863)
[ view plain ]
| 000 -LEADER | |
|---|---|
| fixed length control field | 00322nam a2200109Ia 4500 |
| 008 - FIXED-LENGTH DATA ELEMENTS--GENERAL INFORMATION | |
| fixed length control field | 180205s9999 xx 000 0 und d |
| 020 ## - INTERNATIONAL STANDARD BOOK NUMBER | |
| International Standard Book Number | 9810699328 |
| 100 ## - MAIN ENTRY--PERSONAL NAME | |
| Personal name | Mano, Morris M. |
| 245 ## - TITLE STATEMENT | |
| Statement of responsibility, etc | Kime, Charles R. |
| Title | Logic computer design fundamentals / |
| 260 ## - PUBLICATION, DISTRIBUTION, ETC. (IMPRINT) | |
| Place of publication, distribution, etc | Singapore |
| Name of publisher, distributor, etc | Pearson education |
| Date of publication, distribution, etc | 2006 |
| 300 ## - PHYSICAL DESCRIPTION | |
| Extent | iii, 656 pages |
| Withdrawn status | Lost status | Source of classification or shelving scheme | Damaged status | Home library | Current library | Shelving location | Date acquired | Source of acquisition | Total Checkouts | Full call number | Barcode | Date last seen | Price effective from | Koha item type |
|---|---|---|---|---|---|---|---|---|---|---|---|---|---|---|
| Library of Congress Classification | College Library | College Library | General Circulation Section | 02/05/2018 | Library Fund | TK 7888.4 .M36 2006 | C8445 | 05/15/2018 | 02/05/2018 | Books |